Automotive Electronics Design Fundamentals (Record no. 341748)
[ view plain ]
| 000 -LEADER | |
|---|---|
| fixed length control field | 00479nam a2200169Ia 4500 |
| 008 - FIXED-LENGTH DATA ELEMENTS--GENERAL INFORMATION | |
| fixed length control field | 230718s9999 xx 000 0 und d |
| 020 ## - INTERNATIONAL STANDARD BOOK NUMBER | |
| International Standard Book Number | 9783319175836 |
| 041 ## - LANGUAGE CODE | |
| Language code of text/sound track or separate title | eng |
| 082 ## - DEWEY DECIMAL CLASSIFICATION NUMBER | |
| Classification number | 629.2 |
| Item number | ZAM |
| 100 ## - MAIN ENTRY--PERSONAL NAME | |
| Personal name | Zaman N. |
| 9 (RLIN) | 198754 |
| 245 ## - TITLE STATEMENT | |
| Title | Automotive Electronics Design Fundamentals |
| 260 ## - PUBLICATION, DISTRIBUTION, ETC. (IMPRINT) | |
| Date of publication, distribution, etc. | 2015 |
| Name of publisher, distributor, etc. | Springer |
| 300 ## - PHYSICAL DESCRIPTION | |
| Extent | 262 |
| Accompanying material [OBSOLETE, CAN/MARC] | Ref 1682 E (52955) |
| 365 ## - TRADE PRICE | |
| Currency code | Rs. |
| Price amount | 6974.23 |
| 700 ## - ADDED ENTRY--PERSONAL NAME | |
| Personal name | Zaman N. |
| 9 (RLIN) | 198754 |
| 906 ## - LOCAL DATA ELEMENT F, LDF (RLIN) | |
| d | O:0501716-Feb-2016B:131906-Feb-2016 |
| c | ETC |
| b | 1743.56 |
| Withdrawn status | Lost status | Source of classification or shelving scheme | Reference No | Damaged status | Not for loan | Home library | Current library | Date acquired | Vendor | Budget Code | Cost, normal purchase price | Bill number | Full call number | Barcode | Date last seen | Discount | Cost, replacement price | Bill Date | Koha item type | Original Barcode |
|---|---|---|---|---|---|---|---|---|---|---|---|---|---|---|---|---|---|---|---|---|
| Dewey Decimal Classification | Ref 1682 E (52955) | Reference | Cummins College of Engineering for Women Pune | Cummins College of Engineering for Women Pune | 16/02/2016 | Technical Book Services | ETC | 5230.67 | 1319 | 629.2 | CCEP-BK-52955 | 18/07/2023 | 1743.56 | 6974.23 | 06/02/2016 | Books | 052955 |